| 000 | 00694nam a22002417a 4500 | ||
|---|---|---|---|
| 003 | UA-OsUOA | ||
| 001 | 110937 | ||
| 007 | ta | ||
| 008 | 20150415b un ||||| |||| 00| 0 ukr d | ||
| 100 | _aНаєнко М. | ||
| 090 |
_a82.09 _bН12 |
||
| 942 | _cBK | ||
| 040 |
_aUA-OsUOA _bukr _cUA-OsUOA _dUA-OsUOA |
||
| 245 |
_aІнтим письменницької праці _bлітературно-критичні дослідження |
||
| 300 | _a736 с. | ||
| 955 | _a1 | ||
| 041 | _aukr | ||
| 080 | _a82.09 | ||
| 020 | _a978-966-2133-95-0 | ||
| 260 |
_aК. _bПросвіта _c2013 |
||
| 650 | 7 |
_a82 Література. Літературознавство _2UDC |
|
| 999 |
_c397219 _d397219 |
||